TEXT BOOK OF MEDICAL TECHNOLOGY (Record no. 11635)

MARC details
000 -LEADER
fixed length control field 00318nam a22001457a 4500
003 - CONTROL NUMBER IDENTIFIER
control field SGT
020 ## - INTERNATIONAL STANDARD BOOK NUMBER
International Standard Book Number 81-8061-591-X
082 ## - DEWEY DECIMAL CLASSIFICATION NUMBER
Classification number 612.015
Item number M06S
100 ## - MAIN ENTRY--PERSONAL NAME
Personal name SOOD, RAMNIK
245 ## - TITLE STATEMENT
Title TEXT BOOK OF MEDICAL TECHNOLOGY
260 ## - PUBLICATION, DISTRIBUTION, ETC. (IMPRINT)
Place of publication, distribution, etc DELHI
Name of publisher, distributor, etc JAYPEE PUB
Year of Publication 2006
300 ## - PAGE DESCRIPTION
No. of Pages 1280
650 ## - SUBJECT ADDED ENTRY--TOPICAL TERM
Topical term or geographic name as entry element PHARMACY
942 ## - ADDED ENTRY ELEMENTS (KOHA)
Source of classification or shelving scheme Dewey Decimal Classification
Koha item type Books
Holdings
Withdrawn status Lost status Source of classification or shelving scheme Damaged status Use restrictions Not for loan Collection code Home library Current library Shelving location Date acquired Vendor Name Cost, normal purchase price SGTU Bill Number Full call number Accession No. (Barcode) Date last seen Bill Date Koha item type
    Dewey Decimal Classification   Restricted Access   PHARMACY SGT FA-FP Library SGT FA-FP Library Reference Book 30/05/2017 AHUJA PUB 850.00 SGTU 7718 612.015 M06S FP2304 30/05/2017   Books
    Dewey Decimal Classification   Restricted Access   PHARMACY SGT FA-FP Library SGT FA-FP Library Reference Book 30/05/2017 AHUJA PUB 850.00 SGTU 7718 612.015 M06S FP2305 30/05/2017   Books
    Dewey Decimal Classification   Restricted Access   PHARMACY SGT FA-FP Library SGT FA-FP Library Reference Book 30/05/2017 AHUJA PUB 850.00 SGTU 7718 612.015 M06S FP2306 30/05/2017   Books
    Dewey Decimal Classification   Restricted Access   PHARMACY SGT FA-FP Library SGT FA-FP Library Reference Book 30/05/2017 AHUJA PUB 850.00 SGTU 7718 612.015 M06S FP2307 30/05/2017   Books
    Dewey Decimal Classification   Restricted Access   PHARMACY SGT FA-FP Library SGT FA-FP Library Reference Book 30/05/2017 AHUJA PUB 850.00 SGTU 7718 612.015 M06S FP2308 30/05/2017   Books